Chemistry : The molecular nature of matter and change

This is a general chemistry text for the two-semester course. Silberberg offers a logical and unique approach to problem-solving, ground-breaking visualization of atomic/molecular interactions, and essential connections between chemical principles and real-world processes.

Wedi'i Gadw mewn:
Manylion Llyfryddiaeth
Prif Awdur: Silberberg, Martin S.
Fformat: Llyfr
Iaith:Undetermined
Cyhoeddwyd: Boston McGraw-Hill 2000
Pynciau:
Tagiau: Ychwanegu Tag
Dim Tagiau, Byddwch y cyntaf i dagio'r cofnod hwn!
Thư viện lưu trữ: Trung tâm Học liệu Trường Đại học Cần Thơ
LEADER 00846nam a2200205Ia 4500
001 CTU_186816
008 210402s9999 xx 000 0 und d
082 |a 540 
082 |b S582 
100 |a Silberberg, Martin S. 
245 0 |a Chemistry : 
245 4 |b The molecular nature of matter and change 
245 0 |c Martin Silberberg ; Consultants: Randy Duran ... [et al.] 
260 |a Boston 
260 |b McGraw-Hill 
260 |c 2000 
520 |a This is a general chemistry text for the two-semester course. Silberberg offers a logical and unique approach to problem-solving, ground-breaking visualization of atomic/molecular interactions, and essential connections between chemical principles and real-world processes. 
650 |a Chemistry,Hóa học 
904 |i Giang 
980 |a Trung tâm Học liệu Trường Đại học Cần Thơ